000
00314nam a2200145Ia 4500
003
OSt
005
20240319123001.0
008
170523s9999 xx 000 0 und d
020
_a
978-1118886328
040
_c
iimtu
100
_a
Resnik- Halliday
245
0
_a
Physics - I
260
_a
Willey
942
_2
ddc
_c
02
999
_c
11595
_d
11595